000 00790nam a2200241Ia 4500
005 20211111074835.0
008 130821s1999 sp gr spa
020 _a8480029080
040 _aCo-BoUCM
_bspa
041 0 0 _aspa
100 1 _aDíez Ripollés, José Luis
_9133419
245 1 4 _aLos delitos contra la seguridad de menores e incapaces
_cJosé Luis Díez Ripollés
260 _aValencia (España)
_bTirant lo Blanch
_c1999
300 _a187 páginas
490 _aColección los delitos
_v21
504 _aIncluye bibliografía
650 0 4 _aCriminología
_912152
650 0 4 _aDelitos contra la persona
_912579
650 0 4 _aDelitos
_912564
650 0 4 _aDerecho penal
_912805
942 _cLIBRO
_a8
_e1
_mD568d
_2DEWEY
_h364.157
999 _c53547
_d53547